e-Business :a jargon-free practical guide (Record no. 8727)
[ view plain ]
| 000 -LEADER | |
|---|---|
| fixed length control field | 00966 a2200157 4500 |
| 020 ## - INTERNATIONAL STANDARD BOOK NUMBER | |
| International Standard Book Number | 0750652934 |
| 040 ## - CATALOGING SOURCE | |
| Original cataloging agency | Library of Congress |
| Language of cataloging | English |
| 100 1# - MAIN ENTRY--PERSONAL NAME | |
| Personal name | Matthewson, J. A. |
| 245 10 - TITLE STATEMENT | |
| Title | e-Business :a jargon-free practical guide |
| Statement of responsibility, etc. | J.A. Matthewson. |
| 260 ## - PUBLICATION, DISTRIBUTION, ETC. | |
| Place of publication, distribution, etc. | Oxford : |
| Name of publisher, distributor, etc. | Butterworth Heinemann, |
| Date of publication, distribution, etc. | 2002. |
| 300 ## - PHYSICAL DESCRIPTION | |
| Extent | xi, 191 p. : |
| Other physical details | ill. ; |
| Dimensions | 24 cm. |
| 500 ## - GENERAL NOTE | |
| General note | Includes index. |
| 520 1# - SUMMARY, ETC. | |
| Summary, etc. | "e-Business: a jargon-free practical guide presents a clear, second-generation account of how your business can harness the latest technology to flourish in the transformed commercial climate of the 21st century." "With its emphasis firmly on the business and marketing implications of new technology, the book adopts a hands-on, practical approach, systematically demonstrating how and why businesses should adapt their operations to make the very most of the exciting opportunities available."--BK JACKET. |
| 650 #0 - SUBJECT ADDED ENTRY--TOPICAL TERM | |
| Topical term or geographic name entry element | Electronic commerce. |
| 942 ## - ADDED ENTRY ELEMENTS (KOHA) | |
| Koha item type | Book |
| Call number prefix | 658.84 MAT |
| Source of classification or shelving scheme | |
| Withdrawn status | Lost status | Damaged status | Not for loan | Collection code | Permanent Location | Current Location | Shelving location | Date acquired | Source of acquisition | Cost, normal purchase price | Total Checkouts | Full call number | Barcode | Date last seen | Price effective from | Koha item type |
|---|---|---|---|---|---|---|---|---|---|---|---|---|---|---|---|---|
| Central Library (CL) | Central Library (CL) | General Stacks | 02/10/2003 | progressive International Agencies | 1564.17 | 658.84 MAT | SEECS003085 | 09/06/2019 | 01/05/2017 | Book |
